| 000 | 00678cam a2200229 a 4500 | ||
|---|---|---|---|
| 001 | 000005304 | ||
| 005 | 20240306164224.0 | ||
| 008 | 780306s2001 sp 000 1 spa | ||
| 020 | _a8466302298 | ||
| 040 |
_aDO-SdBNP _bspa _cBNPHU |
||
| 082 |
_aPe863.44 _bV297t |
||
| 100 | 1 |
_aVargas Llosa, Mario, _d1936- _912567 |
|
| 245 | 1 | 3 |
_aLa tía Julia y el escribidor / _cMario Vargas Llosa. |
| 260 |
_a[Madrid] : _bSuma de Letras, _c2001. |
||
| 300 |
_a563 p. ; _c20 cm. |
||
| 490 | 1 |
_aPunto de lectura _v3/4 |
|
| 650 | 4 |
_aNovela peruana _912569 |
|
| 650 | 4 |
_aLiteratura peruana _93140 |
|
| 830 | 0 |
_aPunto de lectura ; _v3/4 _93047 |
|
| 910 | _aCatalogación derivada | ||
| 910 | _aWM | ||
| 999 |
_c5105 _d5105 |
||